Statistics for Most Poplar Baby Names in Israel - 2010

Click here to take the quiz!

General Stats

  • This quiz has been taken 1,012 times
  • The average score is 5 of 40

Answer Stats

RankBoysGirls% Correct
6David
56%
1Noa
48%
5Daniel
41%
8Sarah
40%
12Moshe
30%
1Noam
24%
7Ariel
23%
5Yael
18%
3Maya
17%
2Shira
17%
4Tamar
17%
9Yosef
17%
15Avraham
16%
13Yonatan
16%
7Roni
15%
20Rivka
13%
13Adi
12%
14Amit
12%
10Michal
12%
3Uri
12%
17Guy
11%
2Itai
9%
19Eitan
7%
18Ella
7%
8Ido
7%
6Talia
7%
11Yair
6%
20Yehuda
6%
11Hila
5%
10Itamar
5%
16Maayan
5%
14Ayala
4%
9Noya
4%
17Lian
3%
16Nehorai
2%
12Tahel
2%
4Yehonatan
2%
18Yisrael
2%
19Avigayil
1%
15Hodaya
1%

Score Distribution

Percentile by Number Answered

Percent of People with Each Score

Your Score History

You have not taken this quiz